00662cam a22002177a 4500003000500000005001700005008004100022010001000063011001000073035001000083040000900093082001500102110003600117245014200153260003800295300001100333490001300344650002100357650005300378830001300431CHAP20220329135626.0971013s1962 r 00010 d a39543 a40515 a44641 cCHAP a010.78bE8 aE.U.A. Atomic Energy Commission14aThe literature of nuclear science ; its management and use. Proceedings of conference held at Division of Technical Information Extension aOak Ridge, Tenn. :bA.E.C.,c1962 a398 p. 0aTID-764714aDocumentación.14aEnergía atómicaxServicios de información.0 aTID-7647